000 00628nam a2200229Ia 4500
003 OSt
005 20220928102728.0
006 a|||||r|||| 00| 0
007 ta
008 220927b |||||||| |||| 00| 0 eng d
024 _a48357
037 _cTextual
040 _aSDCL
_cSDCL
_beng
041 _2eng
_aeng
082 _aO152,1N9:g, N2
100 _aMishra Kailash
_9400039
245 0 _aSwatantrottar Hindi kavita
_bVyakarnit sandarsh.
260 _aKanpur
_bVinaya Prakashan
_c1992
300 _a176p.
_ccm.
942 _hO152,1N9:g, N2
_cTEXL
_2CC
999 _c715947
_d715947